000 nam a22 7a 4500
999 _c129790
_d129790
008 190904b xxu||||| |||| 00| 0 eng d
050 _aSPC. DT1.T50
_bH541
100 _aHerderschee-Hunter, Gabrielle
_948028
245 _aAn exploration of what it means to live well and die peacefully in contemporary Zimbabwe
_bare end of life stages missing from virtue ethics theory?
_cGabrielle Herderschee-Hunter
260 _aHarare
_bArrupe College
_c2017
300 _a120p. ;
_c30cm.
500 _aThesis
650 _aVirtue ethics
_948029
650 _aDeath
_948030
942 _2lcc
_cMONOGRAPH